Quizzes
Events
Quiz Creation
Community
Videos
Private Events
Remove Ads
Sign In
Join for FREE
Feedback
Dark Mode
Quiz Categories
Sports
Geography
Music
Movies
Television
Just For Fun
Miscellaneous
History
Literature
Language
Science
Gaming
Entertainment
Religion
Holiday
For Kids
Quiz Lab
Recent
Popular Today
Quiz Kudos Today
Editor Picks
Curator Picks
Quizzes by...
Day
Popularity
Type
Ratings
Length
Year
Community
Subscriptions
Recent Discussions
Orange Saloon
Badges
Playlists
Quests
Create
Leaderboards
Showdown
Live 5
Trivia Bingo
Activity
Puzzle Library
Sporcle Events
Private Events
Virtual Trivia
Globe League
Become a Host
Pub Owners
SporcleCon
Opinionation
Our Games
Videos
Blog
Mobile Apps
Partnerships
Remove Ads and Go Orange
Feedback
Sports
Athletes
MLB
NBA
NHL
NFL
Soccer
Sports Teams
WWE
NCAA
Football
Premier League
Basketball
Baseball
Hockey
Golf
Tennis
Cricket
Rugby
Auto Racing
Olympics
World Cup
Sports
Athletes
MLB
NBA
NHL
NFL
Soccer
Sports Teams
WWE
NCAA
Football
Premier League
Basketball
Baseball
Hockey
Golf
Tennis
Cricket
Rugby
Auto Racing
Olympics
World Cup
Random Quiz
Search Sporcle
×
Quiz Lab
Quiz Lab
Sports
Starting
Type in answers that appear in a list
Type in answers that appear in a list
Classic
Best Score? Go Orange.
Yankees Opening Day SP Since 1980 Stats
Can you name the Yankees Opening Day Starters Since 1980?
By
Mastacr123
7m
30 Questions
1,119 Plays
1,119 Plays
1,119 Plays
Comments
Comments
Give Quiz Kudos
Give Quiz Kudos
-
- Ratings
hide this ad
Replay
Link that replays current quiz
Next Quiz
Link to next quiz in quiz playlist
You Got
0%
They Got
Avg Score
68%
Avg Friend Score
Upgrade to see
Score Distribution
Jump to the score distribution portion of the page
Score
0/30
Timer
07:00
0
Plays Today
Year
Starting Pitcher
% Correct
2009
CC Sabathia
97.4%
1999
Roger Clemens
96.9%
2001
Roger Clemens
96.9%
2002
Roger Clemens
96.9%
2003
Roger Clemens
96.9%
1998
Andy Pettitte
92.6%
1996
David Cone
88.3%
1997
David Cone
88.3%
2004
Mike Mussina
84.7%
1980
Ron Guidry
77.5%
1982
Ron Guidry
77.5%
1983
Ron Guidry
77.5%
1984
Ron Guidry
77.5%
1986
Ron Guidry
77.5%
1981
Tommy John
77.1%
Year
Starting Pitcher
% Correct
1989
Tommy John
77.1%
2008
Chien-Ming Wang
77.1%
2005
Randy Johnson
76.7%
2006
Randy Johnson
76.7%
1993
Jimmy Key
67.4%
1994
Jimmy Key
67.4%
1995
Jimmy Key
67.4%
2000
Orlando Hernandez
63.2%
2007
Carl Pavano
60.5%
1985
Phil Niekro
29%
1992
Scott Sanderson
25.7%
1991
Tim Leary
20.5%
1988
Rick Rhoden
19.9%
1987
Dennis Rasmussen
19.3%
1990
Dave LaPoint
16.3%
Quiz Playlist
Details
Report
Send in Message
Add To Playlist
Classic:
Type in answers that appear in a list
Quiz Source
Last Updated: Feb 16, 2017
Quiz Scoreboard
CHALLENGE
Sign Up to Join the Scoreboard
Show All
Scores
Hide
Comments
May contain spoilers
Recently Published
An Introduction to Baseball
by treessimontrees
Sports
5m
Movies - When Are They Set?
by FPL_Elf
Movies
5m
Popular People in 1961
by mucciniale
History
6m
More to Explore
Quiz From the Vault
Featured Blog Post
Where Did the Easter Bunny Come From?
hide this ad
You Might Also Like...
Tags
1980
1980s
New York Yankees
Opening Day Starters
Pitchers
Starter
Starting
Today's Top Quizzes in Sports
Browse Sports
hide this ad
Today's Top Quizzes in Starting
Browse Starting
Top Contributed Quizzes in Sports
1
Les meilleurs buteurs des matchs entre le PSG et l’OM
2
2022 World Cup Stars
3
FIFA Club World Cup Champions
4
Les entraîneurs de l'OM et du PSG au 21e siècle
5
Name the Premier League winners with different clubs
6
La finale Lions - Afrique du Sud 2021
7
Les joueurs passés par le LOSC et le RC Lens
8
Criteria MLB: Left Handed Sluggers
9
Players with Multiple 50 Home Run Seasons
10
5-to-1: UK Sports Teams
Explore More
Trending Topics
Kpop
Disney
Marvel
Crossword
NBA
Anime
Harry Potter
Soccer
Puzzle
NFL
Song
WWE
Pokémon
Country
The Office
hide this ad
More By:
Mastacr123
Quiz
Plays
Rating
Category
Featured
Created
One Word Oscar Best Pictures
104,579
4.43
Movies
Sep 26, 2009
Good Will Hunting's Fictional Brothers
14,245
3.94
Movies
Sep 26, 2009
NBA/MLB/NFL/NHL Animal Teams
5,942
3.50
Sports
Sep 28, 2009
Curb Your Enthusiasm Characters
3,053
2.71
Television
Sep 27, 2009
Yankees Opening Day SP Since 1980
1,119
4.00
Sports
Oct 11, 2009
Go to Creator's Profile
Score Distribution
Quiz Creator Spotlight
Mastacr123
Follow
Send a Message
Quizzes Created
-
Created Quiz Play Count
-
More By This Creator
Popular Quizzes Today
1
Find the Countries of Europe - No Outlines Minefield
2
Find the US States - No Outlines Minefield
3
The Countries of the World
4
Popular People in 1961
5
US States
6
Find the US States
7
1-10 Letter E Words III
8
Risky Map Clicking: Biggest States A-Z
More Sports Quizzes
Heisman Winners - First Names
Published
Trending Quizzes
Risky Map Clicking: Least Populous States A-Z
1-10 Letter F Words
1-10 Letter G Words
One Thing in Common: United Kingdom
Not Quite an Element Typing Challenge
Recently Updated
Leaping Animals
pecheneg
Reality TV Shows (A-Z)
bhenderson79
Rickey Henderson's Hall of Fame Teammates
pecheneg
Champions League XIs: Arsenal
pecheneg
Quick Pick: Celebrities in WWE's Hall of Fame
aduchscher
A-Z Keypad Blitz II
pecheneg
Multiple Oscar Actors
pecheneg
Mystery Phrase Blitz: Oscar 'Best Actors'
pecheneg
F. Scott Fitzgerald Novels
LTH
Pick 3 Villains
ddd62291
Trending Topics
NBA
Kpop
Crossword
Disney
Marvel
Harry Potter
Anime
NFL
WWE
Pokémon
Soccer
The Office
Puzzle
Country
Song
Your Account Isn't Verified!
In order to create a playlist on Sporcle, you need to verify the email address you used during registration. Go to your
Sporcle Settings
to finish the process.
Report this User
Report this user for behavior that violates our
Community Guidelines
.
Details:
Send Report
Go to the Sporcle.com Mobile Site →
Comments